000
00271nam a2200109Ia 4500
008
190914s9999||||xx |||||||||||||| ||und||
100
_a
Simon Haykin
245
0
_a
Modern Wireless Communications
260
_a
Pakistan
_b
Tata McGraw Hill
_c
2006
300
_a
988
942
_c
BK
999
_c
9651
_d
9651